000 00500nam a2200157 i 4500
040 _c910 NAT 1968 C160 Or.
082 _a910 NAT 1968 C160 Or.
245 0 0 _aVanishing peoples of the earth /
260 _aWashington, D.C. :
_bNational Geographic Society,
_cc1968.
300 _a207 p. :
_bcol. ill., col. maps ;
_c26 cm.
490 1 _aNational Geographic special publications.
500 _aIncludes index.
650 0 _aEthnology
710 2 _aNational Geographic Society (U.S.).
942 _cAEDBB
999 _c19061
_d19061